000
00513nam a2200181Ia 4500
008
090124s9999 xx 000 0 und d
082
_b
123663
100
_a
राजे शैलजा
245
_a
आसवांची पालखी
250
_a
1
260
_c
1990
300
_a
174
600
_a
राजे शैलजा
630
_a
आसवांची पालखी
700
_a
राजे शैलजा
730
_a
आसवांची पालखी
942
_c
BOOK
999
_c
169750
_d
169750